| 000 | 00923nam a2200277 a 4500 | ||
|---|---|---|---|
| 001 | 52856 | ||
| 003 | BD-RjUL | ||
| 005 | 20211209075853.0 | ||
| 008 | 160927m20061993ii a b 001 0 eng | ||
| 020 | _a0132136031 | ||
| 035 | _a(BD-RjUL)52976 | ||
| 040 |
_aDLC _cDLC _dBD-RjUL _beng |
||
| 041 | _aeng | ||
| 082 | 0 | 0 |
_a621.380412 _223 _bRAD 2006 |
| 100 | 1 |
_aRabiner, Lawrence R., _d1943- _9158053 |
|
| 245 | 1 | 0 |
_aDigital processing of speech signals / _cLawrence R. Rabiner, Ronald W. Schafer. |
| 260 |
_aIndia : _bPrentice-Hall, _cc1993 [impression 2006] |
||
| 300 |
_a528 p. : _bill. ; _c25 cm. |
||
| 490 | 0 | _aPrentice-Hall signal processing series | |
| 504 | _aIncludes bibliographical references and index. | ||
| 650 | 0 |
_aSpeech processing systems. _9158054 |
|
| 650 | 0 |
_aDigital electronics. _9158055 |
|
| 700 | 1 |
_aSchafer, Ronald W., _d1938- _ejoint author. _9158056 |
|
| 942 |
_2ddc _cBK |
||
| 999 |
_c52856 _d52856 |
||